1041 1423 1771 1080 1423 1418 1060 1780 1189 1053 1275 1033 1955 1363 1209 1141 1009 1335 1347 1210 1101 1688 1937 1196 1451 1807 1975 1633 1139 1728 1327 1600 1434 1116 1351 1552 1956 1615 1707 1017 1059 1884 1665 1964 1514 1152 1560 1178 1688 1776 1622 1492 1567 1470 1917 1432 1312 1011 1833 1781 1665 1188 1687 1218 1662 1413 1321 1861 1011 1162 1820 1906 1910 1109 1891 1089 1824 1780 1644 1885 1992 1589 1203 1201 1782 1143 1957 1732 1965 1608 1732 1410 1975 1066 1188 1925 1248 1492 1964 BCNSPRNW ULIB Ver.6.0+V

เปลี่ยนเป็นภาษาไทย

Change to English
 แสดงรายละเอียดบรรณานุกรม
  กลับหน้าหลัก

Brief Record : Get Marc (ISO 2709) : E-mail record : QR code < ปิดหน้าต่าง
LEADER : 00000nam 2200000uu 4500
001    13399113983
003     ULIB
008    120120s2552||||th 000 0 tha d
020    ^a9789749900734
050  4 ^aBF128.T35^bจ536จ
245 00 ^aจิตวิทยาทั่วไป /^cคณะผู้เขียน, จิราภา เต็งไตรรัตน์ ...[และคนอื่นๆ]
250    ^aพิมพ์ครั้งที่ 6 แก้ไขเพิ่มเติม
260    ^aกรุงเทพฯ :^bภาควิชาจิตวิทยา คณะศิลปศาสตร์มหาวิทยาลัยธรรมศาสตร์,^c2552
300    ^a(14), 364 หน้า :^bภาพประกอบ ;^c26 ซม.
650  7 ^aการปรับตัว
650  7 ^aจิตวิทยา
650  7 ^aบุคลิกภาพ
650  7 ^aอารมณ์^xจิตวิทยา
700 0  ^aจิราภา เต็งไตรรัตน์
710 2  ^aมหาวิทยาลัยธรรมศาสตร์. ^bคณะศิลปศาสตร์. ^bภาควิชาจิตวิทยา
945    ^p370^l0^i18681
945    ^p370^l0^i19035
995    ^aกัณชพร
999    ^aใช้งานได้ทุกระบบ
รายการนี้ยังไม่มีแท็ก
คุณยังไม่ได้ล็อกอิน คุณสามารถมีกิจกรรมร่วมกับเว็บไซต์ได้ แต่ต้องล็อกอินก่อน ::
  ล็อกอิน

รายการสื่อสารสนเทศ

ลำดับที่ ประเภท เลขเรียก/บาร์โค้ด สถานที่ สถานะ
1. วิทยาศาสตร์การแพทย์ และสุขภาพ
วิทยาศาสตร์การแพทย์ และสุขภาพ
BF128.T35 จ536จ  
  Barcode: 18681
ห้องสมุดวิทยาเขตสวรรค์ประชารักษ์
►หนังสือทั่วไป
บนชั้น

รายการใกล้เคียง
    หัวเรื่อง [การปรับตัว]
    หัวเรื่อง [จิตวิทยา]
    หัวเรื่อง [บุคลิกภาพ]

BibComment


ยังไม่เคยถูกคอมเมนท์

คอมเมนท์ทรัพยากรรายการนี้
  คอมเมนท์: จิตวิทยาทั่วไป ..


 Copyright 2026. Bcnsprnw @Library